书目信息 |
| 题名: |
语法学
|
|
| 作者: | 刘诚 , 王大年 编著 | |
| 分册: | ||
| 出版信息: | 长沙 湖南人民出版社 1986 |
|
| 页数: | 443页 | |
| 开本: | 19cm | |
| 丛书名: | 古汉语学习丛书 | |
| 单 册: | ||
| 中图分类: | H141 | |
| 科图分类: | ||
| 主题词: | 汉语--语法--古代 | |
| 电子资源: | ||
| ISBN: | ||
| 000 | 00706nam2 2200265 45 | |
| 001 | 0186017018 | |
| 005 | 20050415081925.3 | |
| 010 | @dCNY2.80 | |
| 091 | @a9109.71 | |
| 100 | @a19900809d1986 em y0chiy0121 ea | |
| 101 | 0 | @achi |
| 102 | @aCN@b430000 | |
| 105 | @ay z 000yy | |
| 200 | 10 | @a语法学@Ayu fa xue@f刘诚, 王大年编著@FLiu Cheng,Wang Da Nian Bian Zhu |
| 210 | @a长沙@c湖南人民出版社@d1986 | |
| 215 | @a443页@d19cm | |
| 225 | 2 | @a古汉语学习丛书 |
| 410 | 0 | @120010@a古汉语学习丛书 |
| 606 | 0 | @a汉语@x语法@x古代 |
| 690 | @aH141@v3 | |
| 701 | 0 | @a刘诚@4编著 |
| 701 | 0 | @a王大年@4编著 |
| 801 | 0 | @aCN@b深圳图书馆@c20040425 |
| 801 | 2 | @aCN@bNLC@c20040425 |
| 905 | @dH141@e105@f1@b166887 | |
| 语法学/刘诚, 王大年编著.-长沙:湖南人民出版社,1986 |
| 443页;19cm.-(古汉语学习丛书) |
| ISBN :CNY2.80 |
| ● |
| 相关链接 |
|
|
|
|
正题名:语法学
索取号:H141/105
 
预约/预借
| 序号 | 登录号 | 条形码 | 馆藏地/架位号 | 状态 | 备注 |
| 1 | 0166887 | 002025427 | 第四借阅区/ [索取号:H141/105] | 在馆 | |
| 2 | 0166888 | 000860232 | 第四借阅区/ [索取号:H141/105] | 在馆 | |
| 3 | 0166889 | 000860278 | 第四借阅区/ [索取号:H141/105] | 在馆 | |
| 4 | 0166890 | 000860223 | 第四借阅区/ [索取号:H141/105] | 在馆 | |
| 5 | 0166891 | 000860198 | 第二样本阅览室/ [索取号:H141/105] | 在馆 |